Introducción a la teoría general de la administración
Guardado en:
| Autor principal: | |
|---|---|
| Formato: | Libro |
| Lenguaje: | español |
| Publicado: |
Ciudad de México
McGraw-Hill
1989
|
| Edición: | 2a. ed |
| Materias: | |
| Etiquetas: |
Agregar Etiqueta
Sin Etiquetas, Sea el primero en etiquetar este registro!
|
MARC
| LEADER | 00000nam a2200000 a 4500 | ||
|---|---|---|---|
| 001 | UCV7207 | ||
| 003 | CL-VaPUC | ||
| 008 | 890829e19890000MX |||||||||||||||||spa|d | ||
| 082 | 0 | 4 | |a 658 |b CHI |2 21 |
| 100 | |a Chiavenato, Idalberto |e autor |9 88 | ||
| 245 | 1 | 0 | |a Introducción a la teoría general de la administración |
| 250 | |a 2a. ed | ||
| 300 | |a 687 p | ||
| 942 | |c BK | ||
| 945 | |d 19890829 00:00:00 | ||
| 260 | |a Ciudad de México |b McGraw-Hill |c 1989 | ||
| 650 | 0 | |a Administración |9 259325 | |
| 650 | 0 | |a Cambio organizacional |9 260741 | |
| 650 | 0 | |a Teoría de sistemas |9 260742 | |
| 583 | |a last modification |c 19890829 00:00:00 |k Rodrigo Vera | ||
| 999 | |c 212925 |d 212923 | ||
| 952 | |0 0 |1 0 |4 0 |6 658_000000000000000_CHI_1989 |7 0 |8 CCM |9 194787 |a BIBCUR |b BIBCUR |d 2019-11-14 |i 1963430 |o 658 CHI 1989 |p 1963430 |r 2025-04-22 |w 2019-11-14 |y BK_R |k CIM | ||
| 952 | |0 0 |1 0 |4 0 |6 658_000000000000000_CHI_1989 |7 0 |8 A |9 194788 |a BIBING |b BIBING |d 2019-11-14 |i 2621142 |o 658 CHI 1989 |p 2621142 |r 2025-01-20 |w 2019-11-14 |y BK |k EII | ||
| 952 | |0 0 |1 0 |4 0 |6 658_000000000000000_CHI_1989 |7 0 |8 A |9 194789 |a BIBING |b BIBING |d 2019-11-14 |i 2621150 |o 658 CHI 1989 |p 2621150 |r 2023-03-02 |w 2019-11-14 |y BK |k EII | ||
| 952 | |0 0 |1 0 |4 0 |6 658_000000000000000_CHI_1989 |7 0 |8 A |9 194790 |a BIBING |b BIBING |d 2019-11-14 |i 2621169 |o 658 CHI 1989 |p 2621169 |r 2023-03-02 |w 2019-11-14 |y BK |k EII | ||
| 952 | |0 0 |1 0 |4 0 |6 658_000000000000000_CHI_1989 |7 0 |8 A |9 194791 |a BIBING |b BIBING |d 2019-11-14 |i 4515072 |o 658 CHI 1989 |p 4515072 |r 2025-01-20 |w 2019-11-14 |y BK |k EII | ||